La Llamada de las tres Reinas / (Registro nro. 12582)

Detalles MARC
000 -LEADER
fixed length control field 00572nam a22001937a 4500
003 - CONTROL NUMBER IDENTIFIER
control field DO-SdBNP
005 - DATE AND TIME OF LATEST TRANSACTION
control field 20170713142753.0
008 - FIXED-LENGTH DATA ELEMENTS--GENERAL INFORMATION
fixed length control field 170713b 1991 sp |||| 00| 0 spa d
020 ## - INTERNATIONAL STANDARD BOOK NUMBER
International Standard Book Number 8420742503
040 ## - CATALOGING SOURCE
Original cataloging agency BPMSU
Language of cataloging spa
Transcribing agency BPMSU
245 ## - TITLE STATEMENT
Title La Llamada de las tres Reinas /
Statement of responsibility, etc. Fernandez, Ana María ; BABARRO, Xoán.
260 ## - PUBLICATION, DISTRIBUTION, ETC. (IMPRINT)
Place of publication, distribution, etc. Madrid :
Name of publisher, distributor, etc. Anaya,
Date of publication, distribution, etc. 1991.
300 ## - PHYSICAL DESCRIPTION
Extent 115 p. :
Other physical details il. :
Dimensions 21 cm.
490 ## - SERIES STATEMENT
Series statement El duende verde
Volume/sequential designation 49
700 ## - ADDED ENTRY--PERSONAL NAME
Field link and sequence number Babarro, Xoán
Dates associated with a name 1947-
830 ## - SERIES ADDED ENTRY--UNIFORM TITLE
Uniform title El duende verde
Volume number/sequential designation 49
942 ## - ADDED ENTRY ELEMENTS (KOHA)
Source of classification or shelving scheme Dewey Decimal Classification
Koha item type Libros
956 ## - LOCAL ELECTRONIC LOCATION AND ACCESS (OCLC)
Host name VMATEO
Access number 10
Compression information 20170713
Path BPMSU
Electronic name 0069
Existencias
Withdrawn status Lost status Source of classification or shelving scheme Damaged status Not for loan Collection code Home library Current library Date acquired Source of acquisition Total Checkouts Barcode Date last seen Price effective from Koha item type
    Dewey Decimal Classification     Colección Infantil General Biblioteca Pública Metropolitana Salomé Ureña Biblioteca Pública Metropolitana Salomé Ureña 07/13/2017 FUNDI   BPMET17070013 07/13/2017 07/13/2017 Libros